000 00373nam a2200145Ia 4500
008 210210b1978 xxu||||| |||| 00| 0 eng d
082 _a080 HIND
100 _aHINDU.
245 _aHindu speaks: complied by the editor.
260 _aBombay.
_bHindu Interpress.,
_c1978
300 _a319
650 _aHindu Editorials
690 _aGeneral Collections
906 _a035608
999 _c86419
_d86419